Gaming Quiz

Random Gaming or Country Quiz

DKCountry Levels - Fill in the blanks! Quiz Stats

 Plays Quiz not verified by Sporcle

Challenge
Share
Tweet
Embed
Score 0/20 Timer 05:00
0 Plays Today
Level Missing Word % Correct
Tree _____ Town (DKC1)Top
91%
Squeals on _____ (DKC3) Wheels
80.8%
Bramble _____ (DKC2)Scramble
77.9%
Stop & Go _____ (DKC1)Station
77.1%
Vulture _____ (DKC1)Culture
76.3%
Lockjaw's _____ (DKC2)Locker
76.1%
Fish _____ Frenzy (DKC3) Food
66.3%
____ Chute Panic (DKC2)Parrot
65.4%
Winky's _____ (DKC1)Walkway
60.7%
Toxic _____ (DKC2)Tower
60.3%
Level Missing Word % Correct
Orang-utan _____ (DKC1)Gang
58.3%
Blackout _____ (DKC1)Basement
58.1%
Ice Age _____ (DKC1)Alley
54.8%
Target _____ (DKC2) Terror
54.2%
Chain Link _____ (DKC2)Chamber
54%
_____ Climb (DKC2)Slime
49.9%
_____ Bonanza (DKC1)Bouncy
42.9%
Doorstop _____ (DKC3) Dash
42.7%
Kong-Fused _____ (DKC3) Cliffs
41.3%
Low-G _____ (DKC3) Labyrinth
38.7%

You're not logged in!

Compare scores with friends on all Sporcle quizzes.
OR
Log In

You Might Also Like...

Show Comments

Extras

Top Quizzes Today


Score Distribution

Your Account Isn't Verified!

In order to create a playlist on Sporcle, you need to verify the email address you used during registration. Go to your Sporcle Settings to finish the process.

Report this User

Report this user for behavior that violates our Community Guidelines.

Details: